000 00401nam a2200133Ia 4500
005 20251222154405.0
008 251222s9999||||xx |||||||||||||| ||spa||
020 _a8495011565
082 _a727/G45
100 _aGil García, Ángel
245 0 _aLa Universidad de Alcalá de Henares en el Siglo XVII, según los Datos de sus Visitas y Reformas
264 _bFundación Colegio del Rey
942 _cLIB
999 _c35445
_d35445